The deserted village and other poems
Colección de poemas elaborados por el escritor irlandés Oliver Goldsmith, con temas como la soledad, romance, drama y ficción.
Furkejuvvon:
| Váldodahkki: | |
|---|---|
| Materiálatiipa: | Girji |
| Giella: | Undetermined |
| Almmustuhtton: |
Londres, Inglaterra
MacMillan
1915
|
| Fáttát: | |
| Fáddágilkorat: |
Lasit fáddágilkoriid
Eai fáddágilkorat, Lasit vuosttaš fáddágilkora!
|
MARC
| LEADER | 00000nam a2200000Ia 4500 | ||
|---|---|---|---|
| 008 | 170316s9999 xx 000 0 und d | ||
| 040 | |a cru BVZT | ||
| 090 | |a 820 G-9d | ||
| 100 | |a Goldsmith, Oliver |9 858 | ||
| 245 | 4 | |a The deserted village and other poems |c / Oliver Goldsmith | |
| 260 | |a Londres, Inglaterra | ||
| 260 | |b MacMillan | ||
| 260 | |c 1915 | ||
| 300 | |a 390 páginas | ||
| 520 | |a Colección de poemas elaborados por el escritor irlandés Oliver Goldsmith, con temas como la soledad, romance, drama y ficción. | ||
| 650 | |a LITERATURA INGLESA |9 12 | ||
| 650 | |a EN IDIOMA INGLÉS |9 129 | ||
| 650 | |a POEMAS |9 404 | ||
| 999 | |c 6912 |d 6912 | ||
| 942 | |c 15 D |h 820 G-9d |2 z | ||
